| 000 | 00525nam a2200157Ia 4500 | ||
|---|---|---|---|
| 008 | 170221s9999 xx 000 0 und d | ||
| 100 | _aPamela K. Morris | ||
| 245 | _aConceptualizing Beauty: A Content Analysis of U.S. and French Women’s Fashion Magazine Advertisements | ||
| 245 | _cPamela K. Morris, Katharine Nichols | ||
| 260 | _bOnline Journal of Communication and Media Technologies | ||
| 260 | _c2016 | ||
| 300 | _a5 : 5 | ||
| 650 | _xCommunication | ||
| 650 | _xMedia Arts | ||
| 856 | _uhttp://www.ojcmt.net/ | ||
| 999 |
_c312933 _d312933 |
||